000 00314nam a22001217a 4500
008 160421b xxu||||| |||| 00| 0 eng d
020 _a9780323032018
020 _a032303201
041 _aeng
080 _a618.2
245 _aMaternal child nursing care:
_cKaren A. piotrowski; Anne Rath Rentfro;
942 _2udc
_cBK
999 _c1479
_d1479